[Event "East Lansing (MOR/1)"]
[Site "?"]
[Date "1991.??.??"]
[Round "?"]
[White "Wisckol, Richard"]
[Black "Tsuji, J."]
[Result "1-0"]
[WhiteElo "1765"]
[BlackElo "1605"]
[PlyCount "117"]
[EventDate "1991.??.??"]

1. c4 Nf6 2. Nc3 e5 3. g3 Bb4 4. Bg2 Bxc3 5. bxc3 O-O 6. Nf3 d6 7. O-O Nc6 8.
d3 h6 9. e4 Bg4 10. a4 Qd7 11. a5 a6 12. Be3 g5 13. Qd2 Nh7 14. Rfb1 Rab8 15.
d4 f5 16. dxe5 fxe4 17. Qd5+ Be6 18. Qxe4 Bf5 19. Qd5+ Be6 20. Qd2 Bxc4 21.
exd6 Qxd6 22. Qxd6 cxd6 23. Nd4 d5 24. Rb6 Nxd4 25. Bxd4 h5 26. Rab1 Rf7 27.
Rg6+ Kf8 28. Bc5+ Ke8 29. Rg8+ Nf8 30. Re1+ Kd7 31. Re5 Re8 32. Rxe8 Kxe8 33.
Bxf8 Rxf8 34. Rxg5 Kd7 35. Bxd5 Bxd5 36. Rxd5+ Kc6 37. Rxh5 Rd8 38. h4 b5 39.
axb6 Kxb6 40. Re5 a5 41. Re1 a4 42. h5 Rc8 43. Rc1 Ka5 44. g4 a3 45. Kg2 Ka4
46. f4 a2 47. h6 Rb8 48. Ra1 Ka3 49. g5 Rb1 50. Rxa2+ Kxa2 51. Kg3 Rg1+ 52. Kf3
Rf1+ 53. Ke4 Rc1 54. h7 Re1+ 55. Kf5 Re8 56. g6 Rf8+ 57. Kg5 Rc8 58. f5 Kb3 59.
g7 1-0

[Event "East Lansing (MOR/3)"]
[Site "?"]
[Date "1991.??.??"]
[Round "?"]
[White "Wisckol, Richard"]
[Black "Sorenson, D."]
[Result "1-0"]
[WhiteElo "1765"]
[BlackElo "1655"]
[PlyCount "67"]
[EventDate "1991.??.??"]

1. c4 Nf6 2. Nc3 e6 3. d4 d5 4. cxd5 exd5 5. Bg5 Be7 6. e3 O-O 7. Qc2 c6 8. Bd3
Nbd7 9. Nf3 Re8 10. O-O h6 11. Bf4 Nf8 12. h3 Ne6 13. Bh2 Ng5 14. Ne5 Bd6 15.
f3 Qc7 16. h4 Ne6 17. Rae1 Nf8 18. g4 N8d7 19. g5 hxg5 20. hxg5 Nh5 21. f4 Nf8
22. g6 fxg6 23. Nxg6 Nf6 24. Ne5 Qe7 25. Qf2 Bh3 26. Qh4 Bxf1 27. Rxf1 Rac8 28.
Rf3 a6 29. Rh3 Bxe5 30. fxe5 N6d7 31. Qh8+ Kf7 32. Rf3+ Nf6 33. exf6 gxf6 34.
Qh5+ 1-0

[Event "East Lansing (MOR/5)"]
[Site "?"]
[Date "1991.??.??"]
[Round "?"]
[White "Wisckol, Richard"]
[Black "McCarter, Robert"]
[Result "1-0"]
[WhiteElo "1765"]
[BlackElo "1715"]
[PlyCount "145"]
[EventDate "1991.??.??"]

1. c4 c5 2. Nc3 Nc6 3. g3 g6 4. Bg2 Bg7 5. e3 e6 6. Nge2 Nge7 7. O-O O-O 8. a3
a6 9. d4 cxd4 10. exd4 d5 11. cxd5 Nxd5 12. Nxd5 exd5 13. Be3 Qb6 14. Qd2 Be6
15. Rfd1 Na5 16. b4 Nb3 17. Qb2 Nxa1 18. Qxa1 Rac8 19. Nf4 Qd6 20. Qa2 Rfd8 21.
Qb3 Rc4 22. h4 b5 23. Qb2 Rdc8 24. Nd3 Rc2 25. Qa1 R2c6 26. Nc5 Qf8 27. Qa2 Qd8
28. Kh2 Bf8 29. Bg5 Qb6 30. Qe2 h6 31. Bf6 Qc7 32. Be5 Bd6 33. Bf6 Bxc5 34.
dxc5 Bg4 35. Qxg4 Rxf6 36. Qe2 Re6 37. Qd2 Rce8 38. Qxh6 Re2 39. Rd2 Qe5 40.
Rxe2 Qxe2 41. Qf4 Qe5 42. Qxe5 Rxe5 43. c6 Re7 44. Bxd5 Kf8 45. g4 Ke8 46. Kg3
f6 47. Kf4 Re2 48. f3 Rd2 49. Be4 f5 50. gxf5 gxf5 51. Kxf5 Ke7 52. h5 Rh2 53.
Kg6 Rg2+ 54. Kh7 Kd6 55. h6 Rg3 56. f4 Rg4 57. Bg6 Rxf4 58. Kg7 Kxc6 59. h7 Rh4
60. Be4+ Kb6 61. h8=Q Rxh8 62. Kxh8 a5 63. Kg7 axb4 64. axb4 Kc7 65. Kf6 Kd6
66. Bf3 Kc7 67. Ke6 Kb6 68. Kd6 Ka7 69. Kc5 Ka6 70. Bc6 Ka7 71. Kxb5 Kb8 72.
Kb6 Kc8 73. Ka7 1-0

[Event "Detroit (MI Action/6)"]
[Site "?"]
[Date "1991.??.??"]
[Round "?"]
[White "Winter, B."]
[Black "Randall, Paul"]
[Result "0-1"]
[WhiteElo "1605"]
[BlackElo "1605"]
[PlyCount "62"]
[EventDate "1991.??.??"]

1. e4 c5 2. Nf3 d6 3. Nc3 Nf6 4. Bc4 Bd7 5. O-O e6 6. d4 cxd4 7. Qxd4 Nc6 8.
Qd1 Be7 9. Re1 O-O 10. b3 a6 11. Ng5 h6 12. h4 hxg5 13. hxg5 Nh7 14. Qg4 Ne5
15. Qh4 Nxc4 16. bxc4 Bxg5 17. Qg3 Bxc1 18. Raxc1 Qc7 19. c5 Qxc5 20. Rb1 Rac8
21. Red1 Qxc3 22. Qxd6 Bc6 23. Rd3 Rfd8 24. Qe7 Rxd3 25. cxd3 Qxd3 26. Rxb7
Bxb7 27. Qxb7 Rd8 28. g4 Qd1+ 29. Kg2 Qxg4+ 30. Kh2 Rd3 31. e5 Rh3# 0-1

[Event "Detroit (MI Action/3)"]
[Site "?"]
[Date "1991.??.??"]
[Round "?"]
[White "Winter, B."]
[Black "McGrath, Michael"]
[Result "0-1"]
[WhiteElo "1605"]
[BlackElo "1605"]
[PlyCount "26"]
[EventDate "1991.??.??"]

1. e4 Nc6 2. Nc3 Nf6 3. Bc4 e5 4. Nf3 Bb4 5. Nd5 Bc5 6. Ng5 O-O 7. Nxf6+ Qxf6
8. Qh5 Qxf2+ 9. Kd1 h6 10. Rf1 Qxg2 11. Bxf7+ Kh8 12. Bc4 Rxf1+ 13. Bxf1 Qxf1#
0-1

[Event "East Lansing (MOR/2)"]
[Site "?"]
[Date "1991.??.??"]
[Round "?"]
[White "Winkelspecht, A."]
[Black "Warren, S."]
[Result "1-0"]
[WhiteElo "1605"]
[BlackElo "1605"]
[PlyCount "139"]
[EventDate "1991.??.??"]

1. d4 e6 2. e3 d5 3. c3 c5 4. Bd3 Nf6 5. Nf3 cxd4 6. exd4 Nc6 7. Nbd2 Bd6 8.
O-O O-O 9. Re1 Qc7 10. g3 Re8 11. Nb3 b6 12. Bb5 Bb7 13. Bxc6 Bxc6 14. Ne5 Bxe5
15. dxe5 Nd7 16. f4 Ba4 17. Qd4 Bxb3 18. axb3 Nc5 19. Ra3 Red8 20. b4 Ne4 21.
Be3 Qc6 22. Raa1 Qc4 23. Qxc4 dxc4 24. Bxb6 axb6 25. Rxa8 Rxa8 26. Rxe4 b5 27.
Rd4 h5 28. Kg2 Ra2 29. Rd2 Kh7 30. Kf3 Kg6 31. Ke4 Ra8 32. h4 Rc8 33. Rf2 f5+
34. exf6 gxf6 35. Rd2 Re8 36. Rd6 e5 37. f5+ Kg7 38. Rd7+ Kf8 39. Rh7 Rd8 40.
Rxh5 Rd2 41. Rh8+ Ke7 42. Rb8 Rxb2 43. Rxb5 Re2+ 44. Kf3 Rc2 45. Rc5 Rxc3+ 46.
Kf2 Kd6 47. h5 e4 48. h6 Rc2+ 49. Ke3 Rh2 50. Rxc4 Rxh6 51. Rxe4 Rh3 52. Kf4
Rh5 53. Re6+ Kd5 54. b5 Rh7 55. Rxf6 Kc5 56. b6 Kd5 57. Kg5 Rg7+ 58. Rg6 Rf7
59. g4 Ke5 60. f6 Kd6 61. Rg7 Rxg7+ 62. fxg7 Kc6 63. g8=Q Kxb6 64. Qd5 Kc7 65.
Kf6 Kc8 66. Ke7 Kb8 67. Kd7 Ka7 68. Kc6 Ka6 69. Qb5+ Ka7 70. Qb7# 1-0

[Event "East Lansing (MOR/5)"]
[Site "?"]
[Date "1991.??.??"]
[Round "?"]
[White "Winkelspecht, A."]
[Black "Vega, D."]
[Result "0-1"]
[WhiteElo "1605"]
[BlackElo "1665"]
[PlyCount "102"]
[EventDate "1991.??.??"]

1. d4 Nf6 2. e3 e6 3. c3 d5 4. Bd3 a5 5. Nd2 Be7 6. e4 dxe4 7. Nxe4 Nd5 8. Nf3
h6 9. O-O Nd7 10. Re1 b6 11. Ng3 Bb7 12. Ne5 Nxe5 13. Rxe5 Bd6 14. Rh5 Qe7 15.
Bg5 Nf6 16. Ne4 O-O-O 17. Nxf6 gxf6 18. Bxh6 Rdg8 19. g3 Qd7 20. d5 f5 21. Bg7
Rxh5 22. Qxh5 Bxd5 23. Rd1 Kb7 24. Qh7 Qe8 25. Bxf5 exf5 26. Rxd5 Qe1+ 27. Kg2
Rxg7 28. Qxf5 Qe2 29. Qf3 Qxf3+ 30. Kxf3 Rg6 31. Rf5 f6 32. h4 Be5 33. h5 Rh6
34. g4 Kc6 35. Ke4 Bd6 36. f4 Kd7 37. g5 fxg5 38. Rxg5 Be7 39. Rd5+ Ke6 40.
Re5+ Kf7 41. Kf3 Bf6 42. Rf5 Rh8 43. a3 Rd8 44. Ke2 c5 45. b4 Ke6 46. Rg5 Bxg5
47. fxg5 Kf5 48. g6 Kg5 49. g7 Kxh5 50. g8=Q Rxg8 51. Kd3 Rg4 0-1

[Event "East Lansing (MOR/4)"]
[Site "?"]
[Date "1991.??.??"]
[Round "?"]
[White "Winkelspecht, A."]
[Black "Ball, A."]
[Result "0-1"]
[WhiteElo "1605"]
[BlackElo "1685"]
[PlyCount "64"]
[EventDate "1991.??.??"]

1. d4 Nf6 2. e3 d5 3. Bd3 e6 4. c3 Be7 5. Nd2 O-O 6. e4 dxe4 7. Nxe4 Nbd7 8.
Nf3 Nxe4 9. Bxe4 Nf6 10. Bd3 c5 11. dxc5 Bxc5 12. O-O b6 13. Qe2 Bb7 14. Rd1
Qc7 15. Qe5 Bxf2+ 16. Kf1 Qxe5 17. Nxe5 Bc5 18. Bg5 Be7 19. Nd7 Nxd7 20. Bxe7
Rfe8 21. Bxh7+ Kxh7 22. Rxd7 Bc6 23. Rc7 Rec8 24. Rxc8 Rxc8 25. Rd1 Rc7 26. Bd6
Rd7 27. c4 a5 28. g3 Kg6 29. Ke2 a4 30. a3 f6 31. c5 bxc5 32. Bxc5 Bf3+ 0-1

[Event "Detroit (HPO/4/11)"]
[Site "?"]
[Date "1991.??.??"]
[Round "?"]
[White "Wilson, Vester"]
[Black "Williams, Ron"]
[Result "1-0"]
[WhiteElo "2065"]
[BlackElo "1805"]
[PlyCount "122"]
[EventDate "1991.??.??"]

{4/(11)} 1. e4 e5 2. Nf3 Nc6 3. Bc4 Be7 4. d4 exd4 5. c3 d6 6. Qb3 Be6 7. Qxb7
Na5 8. Bb5+ c6 9. Bxc6+ Nxc6 10. Qxc6+ Bd7 11. Qb7 dxc3 12. Nxc3 Nf6 13. O-O
O-O 14. e5 dxe5 15. Nxe5 Qc8 16. Qxc8 Bxc8 17. Bg5 h6 18. Bh4 Bb7 19. Rfe1 g5
20. Ng6 fxg6 21. Rxe7 Rf7 22. Rxf7 Kxf7 23. Bg3 Rd8 24. Nb5 Ne4 25. Nxa7 Nxg3
26. hxg3 Ra8 27. Nb5 Bd5 28. a3 Rb8 29. Nc3 Bb3 30. f3 Ke7 31. Kf2 Rd8 32. Ne4
Rd5 33. Rc1 Rd1 34. Rc7+ Kd8 35. Rb7 Bd5 36. Rb6 Bxe4 37. fxe4 Ke7 38. b4 Ra1
39. Ra6 g4 40. e5 g5 41. b5 Ra2+ 42. Kg1 h5 43. b6 Rb2 44. a4 h4 45. gxh4 gxh4
46. Ra7+ Ke6 47. Rh7 g3 48. Kf1 Kxe5 49. Rh5+ Kd6 50. Rb5 Rf2+ 51. Kg1 Rf8 52.
b7 Rb8 53. Kf1 Kc7 54. Ke2 Re8+ 55. Kf3 Kb8 56. a5 Rg8 57. Rb4 h3 58. a6 h2 59.
Rh4 Ka7 60. Rh6 Kb8 61. Rh3 Ka7 1-0

[Event "Flint (MEX/4)"]
[Site "?"]
[Date "1991.??.??"]
[Round "?"]
[White "Wilson, Vester"]
[Black "Lehotzky, Attila"]
[Result "0-1"]
[WhiteElo "2085"]
[BlackElo "2065"]
[PlyCount "116"]
[EventDate "1991.??.??"]

1. e4 d6 2. d4 Nf6 3. f3 Nbd7 4. Be3 e5 5. d5 Be7 6. c4 h6 7. Qd2 Nh7 8. Bd3
Bg5 9. Bxg5 Qxg5 10. Qxg5 hxg5 11. h4 Nhf6 12. g3 a5 13. Nc3 Nc5 14. Bc2 Bd7
15. Nge2 gxh4 16. gxh4 g6 17. Kf2 Na6 18. a3 Ke7 19. Rab1 Rh7 20. f4 Rah8 21.
fxe5 dxe5 22. b4 axb4 23. axb4 Rxh4 24. Rxh4 Rxh4 25. c5 Rh2+ 26. Kg3 Rh3+ 27.
Kg2 Re3 28. Kf2 Ng4+ 29. Ke1 Rh3 30. Kd2 Nh2 31. Bd3 Nf3+ 32. Kc2 g5 33. Nd1
Ne1+ 34. Kd2 Nxd3 35. Ng1 Rh1 36. Nf3 Ndxb4 37. Nxe5 Ba4 38. Nf3 Rxd1+ 39. Rxd1
Bxd1 40. Kxd1 g4 41. Ne5 g3 42. d6+ cxd6 43. cxd6+ Kxd6 44. Nxf7+ Ke6 45. Ng5+
Ke5 46. Ke2 Nc5 47. Kf3 Nxe4 48. Nf7+ Kf6 49. Nd8 b6 50. Nb7 Nd3 51. Kxe4 g2
52. Kxd3 g1=Q 53. Kc4 Qg2 54. Nd8 Qc2+ 55. Kb5 Qc5+ 56. Ka6 Qa5+ 57. Kb7 b5 58.
Nc6 Qa4 0-1

[Event "Detroit (HPO/2/15)"]
[Site "?"]
[Date "1991.??.??"]
[Round "?"]
[White "Wilson, Vester"]
[Black "Edens, A."]
[Result "1-0"]
[WhiteElo "2065"]
[BlackElo "1605"]
[PlyCount "56"]
[EventDate "1991.??.??"]

{2/(15)} 1. e4 c6 2. d4 d5 3. Nc3 Nd7 4. exd5 cxd5 5. Nxd5 Ndf6 6. Nc3 e6 7. a3
h6 8. Qf3 Bd7 9. Qxb7 Ne7 10. Bf4 Bc6 11. Bb5 Bxb5 12. Nxb5 Ned5 13. c4 Rc8 14.
cxd5 Nxd5 15. Nd6+ Bxd6 16. Bxd6 Qd7 17. Qxd7+ Kxd7 18. Bc5 Rc7 19. Nf3 Nf4 20.
Ne5+ Ke8 21. g3 Nd3+ 22. Nxd3 f6 23. b4 Kf7 24. h4 Rhc8 25. h5 e5 26. dxe5 fxe5
27. Nxe5+ Ke6 28. Ng6 a5 1-0

[Event "Flint (MEX/2)"]
[Site "?"]
[Date "1991.??.??"]
[Round "?"]
[White "Wilson, Vester"]
[Black "Brooks, John"]
[Result "1-0"]
[WhiteElo "2085"]
[BlackElo "2250"]
[PlyCount "79"]
[EventDate "1991.??.??"]

1. e4 c5 2. Nf3 Nf6 3. Nc3 Nc6 4. d4 cxd4 5. Nxd4 e6 6. a3 Bc5 7. Be3 Qb6 8.
Na4 Qa5+ 9. c3 Bxd4 10. Bxd4 Nxd4 11. Qxd4 e5 12. Qb4 Qxb4 13. axb4 Nxe4 14.
Nb6 Rb8 15. Rxa7 O-O 16. g3 d6 17. Bg2 f5 18. O-O Be6 19. Bxe4 fxe4 20. Re1 d5
21. Rd1 Rfd8 22. Ra5 Kf7 23. Nxd5 b5 24. Ne3 Rxd1+ 25. Nxd1 Bh3 26. Ne3 h5 27.
Ra7+ Kf8 28. Ra1 Rd8 29. Rd1 Ra8 30. Nc2 Ra2 31. Rb1 Kf7 32. Na3 Bf5 33. Nxb5
e3 34. Nd6+ Kf6 35. Nxf5 exf2+ 36. Kxf2 Kxf5 37. Ke3 Ke6 38. Kd3 Kd5 39. c4+
Kd6 40. Kc3 1-0

[Event "Detroit (HPO/2/10)"]
[Site "?"]
[Date "1991.??.??"]
[Round "?"]
[White "Williams, Ron"]
[Black "Mazuchowski, Tom"]
[Result "0-1"]
[WhiteElo "1805"]
[BlackElo "2120"]
[PlyCount "122"]
[EventDate "1991.??.??"]

{2/(10)} 1. c4 Nf6 2. Nc3 g6 3. g3 Bg7 4. Bg2 d6 5. d4 O-O 6. Nf3 Nc6 7. O-O
Bg4 8. h3 Bxf3 9. Bxf3 Nd7 10. e3 e5 11. d5 Ne7 12. e4 f5 13. Bg2 Nf6 14. f3
Nh5 15. Kh2 f4 16. g4 Ng3 17. Rg1 Bf6 18. Bd2 Bh4 19. Be1 Kg7 20. Ne2 g5 21.
Nxg3 fxg3+ 22. Bxg3 Bxg3+ 23. Kxg3 Ng6 24. Rf1 Rf4 25. a4 a5 26. Ra3 Qf6 27.
Qd2 b6 28. b4 axb4 29. Qxb4 Nh4 30. a5 bxa5 31. Rxa5 Rf8 32. Qe1 Nxf3 33. Bxf3
Rxf3+ 34. Rxf3 Qxf3+ 35. Kh2 Rf4 36. Ra2 Rxe4 37. Qc1 Qf4+ 38. Qxf4 gxf4 39.
Rc2 Rd4 40. Kg2 Kf6 41. h4 Rd3 42. Kh2 e4 43. Rf2 Ke5 44. g5 e3 45. Rf1 Rd2+
46. Kh3 Kf5 47. Re1 e2 48. Kg2 Kg4 49. Kf2 f3 50. h5 Kxg5 51. Kxf3 Kxh5 52. Ke3
Ra2 53. Kd4 Kg4 54. Ke3 Kg3 55. Rg1+ Kh2 56. Re1 Kg2 57. Rxe2+ Rxe2+ 58. Kxe2
h5 59. Ke3 h4 60. Kd4 h3 61. c5 h2 0-1

[Event "Detroit (HPO/5/19)"]
[Site "?"]
[Date "1991.??.??"]
[Round "?"]
[White "Williams, Ron"]
[Black "Endres, John"]
[Result "1-0"]
[WhiteElo "1805"]
[BlackElo "1605"]
[PlyCount "27"]
[EventDate "1991.??.??"]

{5/(19)} 1. e4 c5 2. Nf3 Nc6 3. d4 cxd4 4. Nxd4 Nf6 5. Nc3 a6 6. Bc4 g6 7. Nxc6
bxc6 8. e5 d5 9. exf6 dxc4 10. Qxd8+ Kxd8 11. Bg5 Bf5 12. O-O-O+ Ke8 13. fxe7
Bg7 14. Rd8+ 1-0

[Event "East Lansing (MOR/7)"]
[Site "?"]
[Date "1991.??.??"]
[Round "?"]
[White "Williams, Eddie"]
[Black "Sutton, T."]
[Result "1/2-1/2"]
[WhiteElo "1605"]
[BlackElo "1780"]
[PlyCount "78"]
[EventDate "1991.??.??"]

1. e4 e5 2. Nf3 Nc6 3. Bb5 a6 4. Bxc6 dxc6 5. Nc3 f6 6. h3 Bd6 7. d4 Bd7 8.
dxe5 fxe5 9. Qe2 Nf6 10. Bg5 h6 11. Bh4 g5 12. Bg3 Qe7 13. O-O-O O-O-O 14. Qc4
Rhf8 15. a3 Nh5 16. Kb1 Nxg3 17. fxg3 Rf6 18. g4 Rdf8 19. Rd2 Be6 20. Qa4 Rf4
21. Rhd1 Bg8 22. Ne2 Qf7 23. c3 Rxe4 24. Qxe4 Bh7 25. Qxh7 Qxh7+ 26. Ka1 e4 27.
Nfd4 Bf4 28. Nxf4 gxf4 29. Ne6 Qg8 30. Nxf8 Qxf8 31. Re1 e3 32. Rde2 b5 33. g3
c5 34. gxf4 Qxf4 35. Rxe3 b4 36. axb4 cxb4 37. Re4 Qg3 38. R1e3 Qg1+ 39. Re1
Qg3 1/2-1/2

[Event "East Lansing (MOR/2)"]
[Site "?"]
[Date "1991.??.??"]
[Round "?"]
[White "Williams, Eddie"]
[Black "Rodriguez, Juan"]
[Result "1-0"]
[WhiteElo "1605"]
[BlackElo "1605"]
[PlyCount "87"]
[EventDate "1991.??.??"]

1. e4 c5 2. Nf3 d6 3. Bc4 Nf6 4. d3 Nc6 5. h3 e6 6. Bg5 h6 7. Bh4 Be7 8. Nc3 a6
9. Bg3 O-O 10. O-O e5 11. Re1 b5 12. Bd5 Bb7 13. a3 Qc7 14. Qd2 Nd4 15. Nxd4
cxd4 16. Bxb7 dxc3 17. Qxc3 Qxb7 18. Qb3 Nd7 19. c4 Nc5 20. Qc2 Rfc8 21. Qe2
Nb3 22. Rad1 Nd4 23. Qg4 bxc4 24. dxc4 Rxc4 25. f4 Bf6 26. fxe5 dxe5 27. Rf1
Qe7 28. Rf2 Bg5 29. Kh1 Rac8 30. Rdf1 Rc1 31. Kh2 Rxf1 32. Qxc8+ Kh7 33. Rxf1
Ne2 34. Qf5+ Kh8 35. Qxf7 Nxg3 36. Kxg3 Bf4+ 37. Rxf4 exf4+ 38. Qxf4 Qe6 39.
Qf8+ Kh7 40. Qf5+ Qxf5 41. exf5 Kg8 42. Kf4 Kf7 43. b4 Ke7 44. Ke5 1-0

[Event "East Lansing (MOR/4)"]
[Site "?"]
[Date "1991.??.??"]
[Round "?"]
[White "Williams, Eddie"]
[Black "LaGuire, D."]
[Result "1-0"]
[WhiteElo "1605"]
[BlackElo "1605"]
[PlyCount "115"]
[EventDate "1991.??.??"]

1. e4 e6 2. d4 d5 3. e5 c5 4. c3 Nc6 5. Bb5 cxd4 6. cxd4 Bb4+ 7. Nc3 Nge7 8.
Nf3 Qa5 9. Bd2 Bxc3 10. Bxc6+ Nxc6 11. Bxc3 Qd8 12. O-O Bd7 13. Qb3 b6 14. Bb4
Nxb4 15. Qxb4 a5 16. Qd6 Qb8 17. Qa3 b5 18. Rfc1 b4 19. Qe3 Qd8 20. Rc5 h6 21.
Rac1 O-O 22. Rc7 Rc8 23. Rxc8 Bxc8 24. Rc5 Ba6 25. a3 Qb6 26. h3 bxa3 27. Qxa3
Bc4 28. Rxa5 Rb8 29. Ra8 Kh7 30. Rxb8 Qxb8 31. b4 Qb5 32. Qa5 Kg6 33. Qxb5 Bxb5
34. Nd2 h5 35. Nb1 Kf5 36. f3 h4 37. Nc3 Bd7 38. b5 Bc8 39. b6 f6 40. Nb5 Kf4
41. Kf2 fxe5 42. Nd6 Ba6 43. dxe5 Kxe5 44. b7 Bxb7 45. Nxb7 d4 46. Nc5 g5 47.
Ne4 Kf4 48. Ke2 Kf5 49. Nc5 e5 50. Nd3 e4 51. fxe4+ Kxe4 52. Ne1 Kf4 53. Kf2
Ke4 54. Nf3 d3 55. Nxg5+ Kd4 56. Nf3+ Kc3 57. Ke3 Kc2 58. Ne1+ 1-0

[Event "East Lansing (MOR/6)"]
[Site "?"]
[Date "1991.??.??"]
[Round "?"]
[White "Williams, Eddie"]
[Black "Collins, Charles"]
[Result "1-0"]
[WhiteElo "1605"]
[BlackElo "1765"]
[PlyCount "107"]
[EventDate "1991.??.??"]

1. e4 Nf6 2. e5 Nd5 3. d4 d6 4. Nf3 Nc6 5. Bb5 Bd7 6. c4 Nb6 7. O-O g6 8. exd6
cxd6 9. d5 Na5 10. Qd4 f6 11. Bxd7+ Qxd7 12. b3 Bg7 13. Bb2 Rc8 14. Nbd2 O-O
15. Bc3 e5 16. dxe6 Qxe6 17. Rae1 Qf5 18. Qxd6 Nc6 19. Qe6+ Qxe6 20. Rxe6 Rce8
21. Rfe1 Rxe6 22. Rxe6 f5 23. Bxg7 Kxg7 24. g3 Rd8 25. Kf1 h6 26. Ke1 Kf7 27.
Re3 Nb4 28. Ke2 Nxa2 29. Ne5+ Kf6 30. Nd3 Nc3+ 31. Ke1 Rd4 32. Nc5 Ne4 33.
Ndxe4+ fxe4 34. Nxe4+ Kf5 35. Nc5 Nd7 36. Nxb7 Ne5 37. h3 h5 38. c5 g5 39. Nd6+
Kf6 40. Ke2 g4 41. h4 Nf3 42. Rd3 Ke6 43. Ke3 Kd5 44. Ne4 Rxd3+ 45. Kxd3 Ne5+
46. Ke3 a5 47. Nf6+ Kxc5 48. Kd2 Kb4 49. Kc2 Nf3 50. Nxh5 Nd4+ 51. Kb2 Nxb3 52.
Nf4 a4 53. Nd3+ Kc4 54. h5 1-0

[Event "East Lansing (MOR/6)"]
[Site "?"]
[Date "1991.??.??"]
[Round "?"]
[White "Williams, Duane"]
[Black "Stockman, David"]
[Result "0-1"]
[WhiteElo "1630"]
[BlackElo "1740"]
[PlyCount "50"]
[EventDate "1991.??.??"]

1. e4 e6 2. d4 d5 3. Nc3 Bb4 4. a3 Bxc3+ 5. bxc3 dxe4 6. Qg4 Nf6 7. Qxg7 Rg8 8.
Qh6 c5 9. dxc5 Rg6 10. Qe3 Qc7 11. a4 Nbd7 12. Ba3 Ne5 13. g3 Bd7 14. Bb5 O-O-O
15. Bxd7+ Rxd7 16. Rd1 Rxd1+ 17. Kxd1 Nc4 18. Qc1 Ng4 19. Ke2 Qe5 20. h3 Nxf2
21. Rh2 e3 22. Rxf2 exf2+ 23. Kxf2 Qxg3+ 24. Ke2 Qxg1 25. Qxg1 Rxg1 0-1

[Event "East Lansing (MOR/1)"]
[Site "?"]
[Date "1991.??.??"]
[Round "?"]
[White "Williams, Duane"]
[Black "Rostrom, Richard"]
[Result "1/2-1/2"]
[WhiteElo "1630"]
[BlackElo "1690"]
[PlyCount "99"]
[EventDate "1991.??.??"]

1. e4 c6 2. d4 d5 3. Nc3 dxe4 4. Nxe4 Bf5 5. Ng3 Bg6 6. Nf3 Nd7 7. h4 h6 8. h5
Bh7 9. Bd3 Bxd3 10. Qxd3 e6 11. Bf4 Ngf6 12. c4 Bb4+ 13. Bd2 Bd6 14. Ne4 Nxe4
15. Qxe4 Nf6 16. Qe2 Qe7 17. Ne5 Bb4 18. O-O-O Bxd2+ 19. Rxd2 O-O 20. f4 Nd7
21. g4 Rad8 22. g5 Nxe5 23. Qxe5 f6 24. gxf6 Qxf6 25. Qxf6 Rxf6 26. Rf1 Rdf8
27. Rdf2 Rf5 28. Kc2 c5 29. Kc3 cxd4+ 30. Kxd4 e5+ 31. Ke4 Rxf4+ 32. Rxf4 Rxf4+
33. Rxf4 exf4 34. Kxf4 Kf7 35. b4 g5+ 36. hxg6+ Kxg6 37. c5 Kf6 38. Kg4 Ke6 39.
Kh5 Kd5 40. Kxh6 b6 41. cxb6 axb6 42. Kg5 Kc4 43. b5 Kxb5 44. Kf5 Ka4 45. Ke5
b5 46. Kd5 Ka3 47. Kc5 b4 48. Kc4 Ka4 49. Kc5 Ka3 50. Kc4 1/2-1/2

[Event "East Lansing (MOR/3)"]
[Site "?"]
[Date "1991.??.??"]
[Round "?"]
[White "Williams, Duane"]
[Black "Pointer, Gilbert"]
[Result "0-1"]
[WhiteElo "1630"]
[BlackElo "1760"]
[PlyCount "132"]
[EventDate "1991.??.??"]

1. e4 d6 2. d4 Nf6 3. Nc3 Nc6 4. Bc4 g6 5. Bg5 Bg7 6. Qd2 O-O 7. f3 e5 8. d5
Ne7 9. g4 c6 10. dxc6 bxc6 11. O-O-O Ne8 12. h4 Rb8 13. h5 Qb6 14. Bb3 Qb7 15.
hxg6 Nxg6 16. Bh6 c5 17. Bxg7 Kxg7 18. Qh6+ Kf6 19. Nd5+ Ke6 20. Nf4+ Ke7 21.
Nxg6+ hxg6 22. c4 a5 23. Rd2 Qb4 24. Qg5+ Kd7 25. Ne2 a4 26. Bxa4+ Qxa4 27.
Qxe5 Qxc4+ 28. Nc3 Rb6 29. b3 Qe6 30. Qxc5 Rc6 31. Qb5 Qf6 32. Rd3 Nc7 33. Qa4
Ne6 34. Rhd1 Nc5 35. Rxd6+ Qxd6 36. Rxd6+ Kxd6 37. Qd4+ Ke7 38. Nd5+ Ke8 39.
Kb2 f6 40. b4 Ne6 41. Nxf6+ Kf7 42. Qd5 Bb7 43. Qe5 Rfc8 44. Nd5 Rc2+ 45. Kb3
Bxd5+ 46. exd5 Nd8 47. g5 Rc1 48. Qf6+ Ke8 49. Qxg6+ Nf7 50. Qe6+ Kf8 51. g6
Nd8 52. Qf6+ Kg8 53. g7 Rb1+ 54. Ka4 Ra8+ 55. Kb5 Rb8+ 56. Kc5 Rc1+ 57. Kd4
Rxb4+ 58. Kd3 Nf7 59. Qe7 Rb8 60. Kd2 Rcc8 61. Qf6 Rd8 62. Kc3 Rxd5 63. Qe6
Rbd8 64. f4 Kxg7 65. Qg4+ Kf8 66. f5 Rd3+ 0-1

[Event "East Lansing (MOR/5)"]
[Site "?"]
[Date "1991.??.??"]
[Round "?"]
[White "Williams, Duane"]
[Black "Labiner, Jordan"]
[Result "1-0"]
[WhiteElo "1630"]
[BlackElo "1605"]
[PlyCount "99"]
[EventDate "1991.??.??"]

1. e4 e5 2. Nf3 Nc6 3. Bb5 a6 4. Bxc6 dxc6 5. d4 exd4 6. Qxd4 Qxd4 7. Nxd4 Nf6
8. e5 c5 9. Ne2 Nd5 10. c4 Nb4 11. Kd2 Bf5 12. Na3 O-O-O+ 13. Ke3 Be7 14. f4
Rd3+ 15. Kf2 Bh4+ 16. g3 Be4 17. Rf1 Be7 18. Nc3 Bf5 19. Rd1 Rxd1 20. Nxd1 Nd3+
21. Ke3 Nxc1 22. Rxc1 f6 23. exf6 Bxf6 24. Nc2 g5 25. Nc3 gxf4+ 26. Kxf4 Be6
27. Ne3 Rf8 28. Ke4 Bg5 29. Ncd5 Bf7 30. Kd3 Bg6+ 31. Kc3 Re8 32. Re1 Bf7 33.
Ng2 Rxe1 34. Nxe1 b5 35. b3 c6 36. Nf4 b4+ 37. Kd3 Kc7 38. Nf3 Bf6 39. Ke4 a5
40. Kf5 Bd8 41. Ne5 Be8 42. Ne6+ Kc8 43. Nxc5 Kc7 44. Ne6+ Kc8 45. Nxd8 Kxd8
46. Kf6 h5 47. Ke6 c5 48. Kd6 a4 49. Kxc5 axb3 50. axb3 1-0

[Event "East Lansing (MOR/2)"]
[Site "?"]
[Date "1991.??.??"]
[Round "?"]
[White "Williams, BM."]
[Black "Sujarit, P."]
[Result "1/2-1/2"]
[WhiteElo "1680"]
[BlackElo "1605"]
[PlyCount "140"]
[EventDate "1991.??.??"]

1. Nf3 Nc6 2. g3 g6 3. Bg2 Bg7 4. O-O Nf6 5. d3 O-O 6. e4 e5 7. Bg5 Rb8 8. Nbd2
d6 9. Nb3 Bd7 10. c3 Qc8 11. Bxf6 Bxf6 12. Ne1 Bh3 13. f4 Bxg2 14. Nxg2 Kg7 15.
Qf3 Qd8 16. Ne3 exf4 17. gxf4 h5 18. Nd5 Qd7 19. Nxf6 Kxf6 20. e5+ Ke7 21. Kh1
Kd8 22. d4 Ne7 23. exd6 Qxd6 24. Nc5 Qd5 25. Rae1 Qxf3+ 26. Rxf3 Nf5 27. Rf2 b6
28. Na6 Rc8 29. Rfe2 Kd7 30. Kg2 c6 31. Nb4 a5 32. Nc2 Rfe8 33. Ne3 Nxe3+ 34.
Rxe3 Rxe3 35. Rxe3 Re8 36. Rxe8 Kxe8 37. a4 Kd7 38. Kf3 Ke6 39. c4 Kf5 40. h3
f6 41. Ke3 g5 42. fxg5 fxg5 43. c5 bxc5 44. dxc5 g4 45. h4 Ke5 46. b4 axb4 47.
a5 b3 48. a6 b2 49. a7 b1=Q 50. a8=Q Qc1+ 51. Ke2 Qxc5 52. Qh8+ Ke6 53. Qe8+
Kd6 54. Qf8+ Kd5 55. Qf7+ Kd4 56. Qf4+ Kc3 57. Qd2+ Kb3 58. Qg5 Qd5 59. Qe3+
Kc2 60. Qg5 Qd1+ 61. Kf2 Qd5 62. Qg6+ Kb3 63. Qb1+ Kc4 64. Qc1+ Kb5 65. Qb2+
Kc5 66. Qc1+ Kd6 67. Qh6+ Kc7 68. Qg6 Kb6 69. Qb1+ Qb5 70. Qg6 Qc5+ 1/2-1/2

[Event "East Lansing (MOR/6)"]
[Site "?"]
[Date "1991.??.??"]
[Round "?"]
[White "Williams, BM."]
[Black "Moore, Deane"]
[Result "1-0"]
[WhiteElo "1680"]
[BlackElo "1605"]
[PlyCount "80"]
[EventDate "1991.??.??"]

1. d4 d5 2. Nc3 e6 3. e4 dxe4 4. Nxe4 h6 5. Nf3 Nf6 6. Ng3 a6 7. c3 Nc6 8. Be2
Bd6 9. O-O O-O 10. Ne1 Ne7 11. f4 b6 12. Nd3 a5 13. Ne5 c5 14. Nh5 Bb7 15.
Nxf6+ gxf6 16. Ng4 Nf5 17. Bd3 Kg7 18. Ne3 Nxe3 19. Bxe3 f5 20. Qh5 Qf6 21.
dxc5 bxc5 22. Be2 Kh7 23. Bf3 Bxf3 24. Rxf3 Rg8 25. Rd1 Be7 26. Rd7 Rg4 27. Rh3
Re8 28. Rc7 Qg6 29. Qxg6+ Kxg6 30. Rg3 Kf6 31. Rxg4 fxg4 32. Bxc5 h5 33. Bxe7+
Rxe7 34. Rxe7 Kxe7 35. Kf2 f5 36. b4 axb4 37. cxb4 Kd6 38. a4 Kc6 39. Ke3 h4
40. Kd4 Kd6 1-0

[Event "East Lansing (MOR/4)"]
[Site "?"]
[Date "1991.??.??"]
[Round "?"]
[White "Williams, BM."]
[Black "Anderson, D."]
[Result "0-1"]
[WhiteElo "1680"]
[BlackElo "1605"]
[PlyCount "99"]
[EventDate "1991.??.??"]

1. Nf3 Nf6 2. c4 g6 3. g3 Bg7 4. Nc3 O-O 5. d4 d6 6. e4 e5 7. dxe5 dxe5 8. Qxd8
Rxd8 9. Nxe5 Nxe4 10. Nxe4 Bxe5 11. Bg2 Be6 12. Nd2 c6 13. Rb1 Nd7 14. b4 Bc3
15. O-O Bxd2 16. Bxd2 Bxc4 17. Rfe1 Bxa2 18. Ra1 Be6 19. Be3 a6 20. Bg5 Re8 21.
h4 h5 22. Rad1 Nb6 23. Rd4 Bd5 24. Rxe8+ Rxe8 25. f3 Nd7 26. g4 Ne5 27. Kf2
hxg4 28. fxg4 Bxg2 29. Kxg2 Kg7 30. Bd8 Nxg4 31. Bb6 Ne3+ 32. Kf3 Nd5 33. Bc5
Re6 34. Rc4 Rf6+ 35. Kg3 Re6 36. Kf3 f6 37. Rg4 Kh6 38. Rc4 Kh5 39. Bf2 f5 40.
Rd4 Re4 41. b5 Rxd4 42. Bxd4 axb5 43. Bf2 b6 44. Ke2 c5 45. Kd1 c4 46. Kc2 b4
47. Be1 b5 48. Kb2 f4 49. Kc2 Kg4 50. Kd2 0-1